000 00600nam a2200193Ia 4500
003 GCL
008 140319s9999 xx 000 0 ara d
040 _aGCL /
_cGCL
082 0 4 _a821
_bش س
100 1 _aشكسبير، ويليام
245 1 0 _aسونيتات شكسبير الكاملة مع النص الانجليزى: SHAKESPEARE THE COMPLETE SONNETS /
_cشكسبير، ويليام
300 _a182 ص
490 _aكتاب
_v0
650 0 4 _aالادب
650 0 4 _aالشعر
650 0 4 _aالشعر الانجليزى
650 0 4 _aشكسبير، ويليام
942 _2ddc
_cBK
999 _c40901
_d40901